| 000 | 00808nam a2200229 i 4500 | ||
|---|---|---|---|
| 001 | 186938 | ||
| 003 | SpMaBN | ||
| 005 | 20230906222757.0 | ||
| 008 | 170303s1973 sp ao |||| | spa d | ||
| 020 | _a84-279-5517-0 | ||
| 080 | _a620.91 | ||
| 100 | 1 |
_aHinkelbein, Albert. _9161959 |
|
| 245 | 1 | 0 |
_aDel fuego al reactor nuclear / _cAlbert Hinkelbein ; [traducción de Enrique de Obregón]. |
| 260 |
_aBarcelona : _bNoguer, _c[1973] |
||
| 300 |
_a127 p. : _bil. col. y n., fot. ; _c26 cm. |
||
| 490 | 1 |
_aInternational library. Biblioteca de divulgación ; _v15 |
|
| 650 | 0 | 7 |
_aRecursos energéticos. _916697 |
| 700 | 1 |
_aObregón, Enrique de. _986425 |
|
| 830 | 0 |
_aInternational library. Biblioteca de divulgación ; _v15 _9192697 |
|
| 852 |
_aES-MaACL _jL-31181 _z- enc. cart. |
||
| 999 |
_c186938 _d186938 |
||